000
00324nam a2200145Ia 4500
100
_a
Kuchhal/S.C
250
_a
2
942
_c
BK
654
_a
corporation
245
_a
Corporation finance:Principles and problems
260
_b
Chaitanya
_a
Allahabad
_c
1958
082
_a
657.48
_b
KUC
300
_a
525
546
_a
ENGLISH
999
_c
20508
_d
20508